[Event "MCRE_CF13"]
[Site "?"]
[Date "2006.??.??"]
[Round "?"]
[White "Cakl, Miloslav"]
[Black "Binas, Jindrich"]
[Result "1/2-1/2"]
[WhiteElo "1907"]
[BlackElo "2039"]
[PlyCount "80"]
[EventDate "2006.??.??"]
[EventType "corr"]
[EventRounds "2"]
[SourceDate "2007.01.09"]

1. e4 c5 2. Nf3 Nc6 3. d4 cxd4 4. Nxd4 Nf6 5. Nc3 e5 6. Ndb5 d6 7. Bg5 a6 8.
Na3 b5 9. Bxf6 gxf6 10. Nd5 f5 11. exf5 Bxf5 12. c3 Bg7 13. Nc2 Be6 14. Nce3
Ne7 15. Nxe7 Qxe7 16. Qf3 e4 17. Qxe4 d5 18. Qc2 Rc8 19. Qd2 b4 20. Rc1 bxc3
21. bxc3 Qa3 22. Nd1 d4 23. c4 Bf5 24. Be2 O-O 25. O-O Rfe8 26. h3 Rb8 27. Bg4
Bd3 28. c5 Bxf1 29. Kxf1 Re7 30. c6 Qd6 31. g3 f5 32. Be2 Rbe8 33. Bd3 Kh8 34.
f4 Qd5 35. Nf2 Re3 36. c7 Rxg3 37. Ne4 fxe4 38. c8=Q Rf8 39. Qc6 Qxc6 40. Rxc6
Rxd3 1/2-1/2

[Event "MCRE_CF13"]
[Site "?"]
[Date "2006.??.??"]
[Round "?"]
[White "Kohler, Josef"]
[Black "Svoboda, Frantisek"]
[Result "1/2-1/2"]
[WhiteElo "2158"]
[BlackElo "1997"]
[PlyCount "104"]
[EventDate "2006.??.??"]
[EventType "corr"]
[EventRounds "2"]
[SourceDate "2007.01.09"]

1. Nf3 Nc6 2. c4 e5 3. Nc3 Bb4 4. Nd5 e4 5. Nd4 Nxd4 6. Nxb4 Nf6 7. Nd5 O-O 8.
d3 Ne6 9. e3 d6 10. Qc2 c6 11. Nxf6+ Qxf6 12. dxe4 Nc5 13. f3 a5 14. Bd2 Qh4+
15. g3 Qh5 16. Be2 Bh3 17. Rg1 Be6 18. h4 b5 19. cxb5 cxb5 20. f4 Bg4 21. Bxb5
Rfc8 22. Bc3 Nxe4 23. Qxe4 Qxb5 24. Rg2 Re8 25. Qd4 Rxe3+ 26. Qxe3 Re8 27.
Qxe8+ Qxe8+ 28. Kf2 a4 29. Re1 Qc6 30. Kg1 h5 31. Kh2 Be6 32. a3 Qf3 33. Ree2
Bf5 34. Rgf2 Qg4 35. Re3 Qd1 36. Re1 Qd3 37. Rfe2 Qf3 38. Kg1 Bh3 39. Kh2 Bg4
40. Rd2 d5 41. Bd4 Bf5 42. Bc5 f6 43. Bd4 Kf7 44. Rc1 Be4 45. Re1 Ke6 46. Be3
Kf5 47. Rf2 Qg4 48. Bc5 Kg6 49. Rd2 Qf3 50. Bd4 Kf5 51. Kh3 Ke6 52. Be3 Bf5+
1/2-1/2

[Event "MCRE_CF13"]
[Site "?"]
[Date "2006.??.??"]
[Round "?"]
[White "Cakl, Miloslav"]
[Black "Kohler, Josef"]
[Result "0-1"]
[WhiteElo "1907"]
[BlackElo "2158"]
[PlyCount "62"]
[EventDate "2006.??.??"]
[EventType "corr"]
[EventRounds "2"]
[SourceDate "2007.01.09"]

1. e4 c5 2. Nf3 Nc6 3. Bb5 g6 4. O-O Bg7 5. Re1 e5 6. c3 Nge7 7. d4 cxd4 8.
cxd4 exd4 9. Bf4 a6 10. Ba4 b5 11. Bb3 d6 12. Na3 O-O 13. Nc2 Bg4 14. h3 Bxf3
15. Qxf3 Ne5 16. Qg3 Nc4 17. Na3 Nxb2 18. Bxd6 Rc8 19. Rac1 Re8 20. Bxf7+ Kxf7
21. Qb3+ Nc4 22. Nxc4 bxc4 23. Rxc4 Kf8 24. e5 Rxc4 25. Qxc4 Qc8 26. Qd5 Bh6
27. Rb1 Kg7 28. Qxd4 Nf5 29. Qd5 Qe6 30. Qxe6 Rxe6 31. Rb7+ Kg8 0-1

[Event "MCRE_CF13"]
[Site "?"]
[Date "2006.??.??"]
[Round "?"]
[White "Stika, Vaclav"]
[Black "Binas, Jindrich"]
[Result "1/2-1/2"]
[WhiteElo "2142"]
[BlackElo "2039"]
[PlyCount "66"]
[EventDate "2006.??.??"]
[EventType "corr"]
[EventRounds "2"]
[SourceDate "2007.01.09"]

1. d4 Nf6 2. c4 e6 3. g3 d5 4. Nf3 Be7 5. Bg2 O-O 6. O-O dxc4 7. Qc2 a6 8. Qxc4
b5 9. Qc3 Bb7 10. Bf4 Nc6 11. Rd1 Nb4 12. Qc1 Rc8 13. Nc3 h6 14. a4 Bc6 15.
axb5 axb5 16. Ra7 Bd6 17. Be5 Nbd5 18. Ne4 Ra8 19. Rxa8 Bxa8 20. Nc5 Qe7 21.
Nd3 Rd8 22. Qc2 Ne4 23. Ra1 Qe8 24. Nfe1 f5 25. Nf3 Ne7 26. Nf4 Nd5 27. Nxd5
Bxd5 28. Ne1 Ra8 29. Rd1 Ra4 30. f3 Rc4 31. Qd3 Bxe5 32. dxe5 Nc5 33. Qd2 Qa8
1/2-1/2

[Event "MCRE_CF13"]
[Site "?"]
[Date "2006.??.??"]
[Round "?"]
[White "Cakl, Miloslav"]
[Black "Popelka, Miloslav"]
[Result "1/2-1/2"]
[WhiteElo "1907"]
[BlackElo "2147"]
[PlyCount "82"]
[EventDate "2006.??.??"]
[EventType "corr"]
[EventRounds "2"]
[SourceDate "2007.01.09"]

1. e4 c5 2. Nf3 Nc6 3. Bb5 e6 4. O-O Nge7 5. Ba4 g6 6. d4 cxd4 7. Nxd4 Bg7 8.
Be3 O-O 9. Nc3 d5 10. exd5 Nxd5 11. Nxd5 Qxd5 12. Bb3 Qe4 13. Nxc6 Qxc6 14. c3
b6 15. Qg4 Bb7 16. Rad1 Rad8 17. Rfe1 h5 18. Qg3 Be5 19. Qh3 Rxd1 20. Bxd1 Rd8
21. Bf3 Qc7 22. Bxb7 Qxb7 23. Qh4 Rd7 24. h3 Qd5 25. Qg5 Qd1 26. Rf1 Qd6 27. a3
Qc7 28. Qh4 Qc6 29. Re1 Bg7 30. Qb4 e5 31. f3 Bf6 32. Bf2 Kg7 33. Qb3 Rd3 34.
Qc2 Qd6 35. Bd4 Rxf3 36. gxf3 exd4 37. Rd1 Qf4 38. Qd2 Qxf3 39. Qd3 Qxd3 40.
Rxd3 dxc3 41. bxc3 Be7 1/2-1/2

[Event "MCRE_CF13"]
[Site "?"]
[Date "2006.??.??"]
[Round "?"]
[White "Stika, Vaclav"]
[Black "Svoboda, Frantisek"]
[Result "1/2-1/2"]
[WhiteElo "2142"]
[BlackElo "1997"]
[PlyCount "106"]
[EventDate "2006.??.??"]
[EventType "corr"]
[EventRounds "2"]
[SourceDate "2007.01.09"]

1. e4 Nc6 2. Nf3 f5 3. exf5 d5 4. Bb5 Bxf5 5. d4 e6 6. Ne5 Nge7 7. Bg5 Qd6 8.
c4 dxc4 9. O-O a6 10. Nxc4 Qb4 11. Bxc6+ Nxc6 12. b3 Bg6 13. Nba3 h6 14. d5
exd5 15. Re1+ Ne7 16. Bxe7 Bxe7 17. Qxd5 Rd8 18. Qe5 Kf8 19. Qg3 Bf7 20. Rac1
b5 21. Nc2 Qc5 22. Ne5 Bd6 23. Qf4 Bxe5 24. Qxe5 Qxe5 25. Rxe5 Be8 26. Rc5 h5
27. Rxc7 Rh6 28. Ne3 Rd2 29. R1c2 Rhd6 30. f4 a5 31. g3 R6d3 32. Rxd2 Rxd2 33.
Rc2 Rd4 34. Nf5 Rd5 35. Nh4 a4 36. bxa4 bxa4 37. Nf3 Rd1+ 38. Kf2 Ra1 39. Ne5
Ke7 40. Ke3 Kf6 41. Kd4 Rd1+ 42. Kc5 g5 43. Nc4 gxf4 44. Rf2 Rc1 45. Rxf4+ Kg6
46. a3 Rc2 47. h3 Rc1 48. Kb4 Rb1+ 49. Ka5 Rb3 50. Rf3 Rxf3 51. Ne5+ Kf5 52.
Nxf3 Ke4 53. Nh4 Ke3 1/2-1/2

[Event "MCRE_CF13"]
[Site "?"]
[Date "2006.??.??"]
[Round "?"]
[White "Cakl, Miloslav"]
[Black "Svoboda, Frantisek"]
[Result "0-1"]
[WhiteElo "1907"]
[BlackElo "1997"]
[PlyCount "108"]
[EventDate "2006.??.??"]
[EventType "corr"]
[EventRounds "2"]
[SourceDate "2007.01.09"]

1. e4 Nc6 2. Nf3 f5 3. exf5 d5 4. Bb5 Bxf5 5. Ne5 Qd6 6. d4 Nf6 7. Nc3 Nd7 8.
O-O e6 9. Nd3 Bxd3 10. Bxd3 O-O-O 11. Bg5 Nf6 12. Be3 Qd7 13. Qe2 h5 14. Rae1
Ng4 15. h3 Nxe3 16. Qxe3 Rh6 17. Ne2 Nb4 18. Nc1 Bd6 19. c3 Nxd3 20. Nxd3 Rf8
21. a4 Rf5 22. a5 a6 23. b4 g5 24. Nc5 Bxc5 25. bxc5 e5 26. Rb1 Re6 27. Rb3
exd4 28. Qd3 Rfe5 29. cxd4 Re1 30. Rxe1 Rxe1+ 31. Kh2 Qf7 32. Qg3 Re4 33. Qxg5
Qf4+ 34. Qxf4 Rxf4 35. g4 hxg4 36. Kg3 Rxd4 37. h4 Rd1 38. Kxg4 d4 39. Rh3 d3
40. Kf4 d2 41. Ke3 Ra1 42. Kxd2 Ra2+ 43. Ke1 Rxa5 44. h5 Rxc5 45. h6 Re5+ 46.
Kd2 Re8 47. h7 Rh8 48. Kd3 Kd7 49. f4 Ke6 50. Kc4 Kf5 51. Rh4 a5 52. Kb5 Kg6
53. Rg4+ Kxh7 54. Kxa5 Rf8 0-1

[Event "MCRE_CF13"]
[Site "?"]
[Date "2006.??.??"]
[Round "?"]
[White "Stika, Vaclav"]
[Black "Kohler, Josef"]
[Result "1-0"]
[WhiteElo "2147"]
[BlackElo "2158"]
[PlyCount "121"]
[EventDate "2006.??.??"]
[EventType "corr"]
[EventRounds "2"]
[SourceDate "2007.01.09"]

1. e4 c5 2. Nf3 Nc6 3. d4 cxd4 4. Nxd4 Nf6 5. Nc3 d6 6. Bg5 e6 7. Qd2 a6 8.
O-O-O h6 9. Be3 Bd7 10. f4 b5 11. Bd3 Be7 12. Kb1 O-O 13. Rhf1 Ng4 14. Nxc6
Bxc6 15. Bg1 b4 16. Ne2 Nf6 17. Qe3 Qc7 18. Nd4 Bb7 19. Qh3 Rac8 20. Be3 Rfe8
21. Qf3 Nd7 22. g4 Nc5 23. g5 hxg5 24. fxg5 Bxg5 25. Bxg5 f5 26. Qh3 Nxe4 27.
Be3 Bd5 28. Rf4 Nf6 29. Rg1 Qa5 30. b3 Qc7 31. Rh4 Kf7 32. Bg5 Qe7 33. Nxf5
exf5 34. Qxf5 Qe5 35. Qg6+ Ke6 36. Qxg7 Rg8 37. Qh6 Kd7 38. Rg3 Rcf8 39. Bc1
Rxg3 40. hxg3 Re8 41. Rxb4 Ne4 42. Qh3+ Re6 43. Bxe4 Bxe4 44. Qg4 a5 45. Rc4 d5
46. Bf4 Bf5 47. Bxe5 Bxg4 48. Rxg4 Rxe5 49. Ra4 Kd6 50. Rxa5 Re3 51. Ra6+ Kc5
52. Rg6 Re5 53. a4 d4 54. Kc1 Kd5 55. a5 Kc5 56. g4 Kb5 57. a6 Re7 58. g5 Ra7
59. Kd2 Re7 60. Rf6 Rh7 61. g6 1-0

[Event "MCRE_CF13"]
[Site "?"]
[Date "2006.??.??"]
[Round "?"]
[White "Kohler, Josef"]
[Black "Stika, Vaclav"]
[Result "1/2-1/2"]
[WhiteElo "2158"]
[BlackElo "2147"]
[PlyCount "127"]
[EventDate "2006.??.??"]
[EventType "corr"]
[EventRounds "2"]
[SourceDate "2007.01.09"]

1. Nf3 Nf6 2. g3 d5 3. Bg2 c6 4. O-O Bg4 5. c4 e6 6. b3 Nbd7 7. Bb2 Be7 8. d3
O-O 9. Nbd2 a5 10. a3 Bd6 11. h3 Bh5 12. Qc2 Re8 13. Rfe1 e5 14. Nh4 Nc5 15.
cxd5 cxd5 16. d4 exd4 17. Bxd4 Rc8 18. Qf5 Bxe2 19. Rac1 Bd3 20. Bxf6 Qxf6 21.
Qxf6 gxf6 22. Bxd5 b5 23. Rxe8+ Rxe8 24. Nf1 Kf8 25. Ne3 Ne4 26. Bc6 Rc8 27.
Rd1 Rxc6 28. Rxd3 Bxa3 29. Rd8+ Ke7 30. Ra8 Bb4 31. Nhf5+ Kd7 32. Nd4 Rc8 33.
Ra6 Rc3 34. Ra7+ Rc7 35. Ra6 Kc8 36. Nec2 Rd7 37. Nxb5 Rd5 38. Ncd4 Bc5 39.
Rxa5 Bxd4 40. Na7+ Bxa7 41. Rxd5 Bxf2+ 42. Kg2 Bc5 43. Rh5 Kd7 44. Rxh7 Ke7 45.
Rh8 f5 46. h4 Bd6 47. h5 Bxg3 48. h6 Be5 49. Rg8 Nf6 50. Rc8 Bd6 51. Rc4 Ke6
52. b4 Kd5 53. Rh4 Nh7 54. b5 f4 55. Rh5+ Ke6 56. b6 Kd7 57. Rf5 f6 58. Rd5 Kc6
59. Rd1 Ng5 60. b7 Bb8 61. Rh1 Kxb7 62. h7 Nf7 63. Kf3 Be5 64. h8=Q 1/2-1/2

[Event "MCRE_CF13"]
[Site "?"]
[Date "2006.??.??"]
[Round "?"]
[White "Binas, Jindrich"]
[Black "Stika, Vaclav"]
[Result "1-0"]
[WhiteElo "2039"]
[BlackElo "2142"]
[PlyCount "89"]
[EventDate "2006.??.??"]
[EventType "corr"]
[EventRounds "2"]
[SourceDate "2007.01.09"]

1. e4 e5 2. Nf3 Nc6 3. d4 exd4 4. Nxd4 Bc5 5. Be3 Qf6 6. c3 Nge7 7. Bc4 Ne5 8.
Be2 d6 9. O-O Qg6 10. f3 O-O 11. Nd2 d5 12. Kh1 dxe4 13. Nxe4 Nd5 14. Bf2 Bb6
15. Bg3 Re8 16. Qd2 Nc6 17. Nxc6 Qxc6 18. c4 Nf6 19. b4 a5 20. Nxf6+ Qxf6 21.
c5 Ba7 22. Bxc7 Qe7 23. Bb5 Qxc7 24. Bxe8 Be6 25. Ba4 Rd8 26. Qc2 axb4 27. Rfd1
Rc8 28. Rac1 Qe7 29. Bb3 Bxc5 30. Bxe6 fxe6 31. Rd3 Qf6 32. Re1 Rc6 33. Rd7 Bf8
34. Qe4 Ra6 35. Qe2 Rb6 36. h3 h6 37. Qe4 Ra6 38. Rc1 Rc6 39. Rcd1 Ra6 40. Rd8
Rxa2 41. Qxb4 b5 42. Qc5 Re2 43. Qc8 b4 44. Rxf8+ Qxf8 45. Rd8 1-0

[Event "MCRE_CF13"]
[Site "?"]
[Date "2006.??.??"]
[Round "?"]
[White "Popelka, Miloslav"]
[Black "Stika, Vaclav"]
[Result "1/2-1/2"]
[WhiteElo "2147"]
[BlackElo "2142"]
[PlyCount "103"]
[EventDate "2006.??.??"]
[EventType "corr"]
[EventRounds "2"]
[SourceDate "2007.01.09"]

1. e4 e5 2. Nf3 Nc6 3. Bb5 a6 4. Ba4 Nf6 5. O-O Be7 6. Re1 b5 7. Bb3 d6 8. c3
O-O 9. h3 Na5 10. Bc2 c5 11. d4 Qc7 12. Nbd2 Rd8 13. d5 c4 14. Nf1 Nb7 15. Ng3
a5 16. Be3 a4 17. a3 Nc5 18. Nh2 g6 19. f4 exf4 20. Bxf4 Nfd7 21. Ng4 Ne5 22.
Nxe5 dxe5 23. Be3 Bh4 24. Qf3 Ra6 25. Rf1 Nb7 26. Bf2 Rf6 27. Qe3 Rf4 28. Kh2
Nd6 29. Nh1 Bg5 30. Qb6 Qxb6 31. Bxb6 Rxf1 32. Rxf1 Rd7 33. Bc5 h5 34. g3 h4
35. g4 Bf4+ 36. Kg2 Bb7 37. Nf2 f5 38. Rd1 Ne8 39. exf5 Rxd5 40. Rxd5 Bxd5+ 41.
Kf1 gxf5 42. Bxf5 Nf6 43. Ke2 Bc1 44. Kd1 Bh6 45. Ke2 Kf7 46. Be3 Bxe3 47. Kxe3
Bg2 48. g5 Nd5+ 49. Ke2 Nf4+ 50. Ke3 Ke7 51. Bg4 Nd5+ 52. Ke2 1/2-1/2

[Event "MCRE_CF13"]
[Site "?"]
[Date "2006.??.??"]
[Round "?"]
[White "Stika, Vaclav"]
[Black "Popelka, Miloslav"]
[Result "0-1"]
[WhiteElo "2142"]
[BlackElo "2147"]
[PlyCount "104"]
[EventDate "2006.??.??"]
[EventType "corr"]
[EventRounds "2"]
[SourceDate "2007.01.09"]

1. e4 c5 2. Nf3 Nc6 3. Nc3 g6 4. d4 cxd4 5. Nxd4 Bg7 6. Be3 Nf6 7. Bc4 O-O 8.
Bb3 d6 9. f3 Bd7 10. Nxc6 Bxc6 11. Bd4 Qa5 12. O-O Nd7 13. Nd5 Bxd5 14. Bxd5
Nb6 15. Bxg7 Kxg7 16. Kh1 e6 17. Bb3 Qc5 18. Qe2 Rac8 19. c3 d5 20. Rad1 Rfd8
21. e5 d4 22. cxd4 Rxd4 23. h3 Rcd8 24. Rxd4 Rxd4 25. a3 Nd5 26. Bxd5 Qxd5 27.
Rf2 Rd3 28. Kh2 Qd4 29. f4 b5 30. Qe1 a5 31. Qe2 b4 32. axb4 axb4 33. g3 b3 34.
Qf1 Rd1 35. Qg2 Rc1 36. h4 Qd3 37. Qf3 Qxf3 38. Rxf3 Rc2+ 39. Kh3 Rxb2 40. Rd3
Kf8 41. Rd8+ Ke7 42. Rb8 h5 43. Rb7+ Ke8 44. g4 Rb1 45. Rb8+ Kd7 46. g5 b2 47.
Kh2 Kc6 48. Kg2 Kc5 49. Rb7 Kc4 50. Kh2 Kd3 51. Rd7+ Ke3 52. Rb7 Kxf4 0-1

[Event "MCRE_CF13"]
[Site "?"]
[Date "2006.??.??"]
[Round "?"]
[White "Glembek, Bohumir"]
[Black "Cakl, Miloslav"]
[Result "1/2-1/2"]
[WhiteElo "2077"]
[BlackElo "1907"]
[PlyCount "116"]
[EventDate "2006.??.??"]
[EventType "corr"]
[EventRounds "2"]
[SourceDate "2007.01.09"]

1. d4 Nf6 2. c4 e6 3. Nc3 Bb4 4. e3 O-O 5. Bd3 d5 6. Nf3 c5 7. O-O Nc6 8. cxd5
exd5 9. a3 Bxc3 10. bxc3 c4 11. Be2 Ne4 12. Qc2 Qa5 13. Bxc4 dxc4 14. Qxe4 Bf5
15. Qh4 Bd3 16. Re1 Qxc3 17. Bd2 Qb2 18. Rec1 Qb5 19. Qg5 Qxg5 20. Nxg5 b5 21.
Nh3 Bf5 22. Nf4 Rfd8 23. d5 Ne5 24. e4 g5 25. Nh5 Bg6 26. Nf6+ Kg7 27. Bxg5 Nd3
28. Rc2 h6 29. Bh4 Rd6 30. a4 b4 31. Rxc4 Rxf6 32. Bxf6+ Kxf6 33. Rd4 Nc5 34.
Rxb4 Nxe4 35. Re1 Nd6 36. g4 Rc8 37. h4 Rc5 38. Rf4+ Kg7 39. Re7 a6 40. Rd4 Kf6
41. Re1 Ra5 42. Re2 Rc5 43. Kg2 Bc2 44. Kg3 Bb3 45. Kf4 Ra5 46. Re1 Rxa4 47.
Rxa4 Bxa4 48. g5+ hxg5+ 49. hxg5+ Kg7 50. Re7 Bb5 51. Ke5 Nc4+ 52. Kd4 Kg6 53.
f4 Nb6 54. Kc5 Na4+ 55. Kd6 Nb2 56. Kc7 Nd3 57. d6 Nxf4 58. d7 Bxd7 1/2-1/2

[Event "MCRE_CF13"]
[Site "?"]
[Date "2006.??.??"]
[Round "?"]
[White "Stika, Vaclav"]
[Black "Cakl, Miloslav"]
[Result "1/2-1/2"]
[WhiteElo "2142"]
[BlackElo "1907"]
[PlyCount "116"]
[EventDate "2006.??.??"]
[EventType "corr"]
[EventRounds "2"]
[SourceDate "2007.01.09"]

1. e4 c5 2. Nf3 d6 3. d4 cxd4 4. Nxd4 Nf6 5. Nc3 a6 6. Be3 Ng4 7. Bg5 Nc6 8. h3
Nf6 9. Qd2 e6 10. O-O-O Be7 11. f4 O-O 12. Be2 Bd7 13. Nf3 Qb6 14. g4 Rac8 15.
Bxf6 Bxf6 16. e5 dxe5 17. g5 Be7 18. fxe5 Rfd8 19. Qf4 Nb4 20. Bc4 Qa5 21. Kb1
Nxc2 22. Kxc2 b5 23. Nd2 bxc4 24. Nxc4 Qb4 25. b3 Bb5 26. Rxd8+ Bxd8 27. a3 Qc5
28. Rf1 Rc7 29. Rd1 Be7 30. Rd4 Bxg5 31. Ne4 Bxf4 32. Nxc5 g5 33. Nd3 Be3 34.
Re4 Bb6 35. Kd2 Bxc4 36. Rxc4 Kg7 37. Rxc7 Bxc7 38. Ke3 Kg6 39. Ke4 Kh5 40. Kf3
Kh4 41. Kg2 a5 42. b4 axb4 43. axb4 g4 44. hxg4 Kxg4 45. b5 h5 46. Nc5 Bxe5 47.
Nd7 Bf4 48. b6 h4 49. Nf6+ Kf5 50. Nd7 e5 51. b7 e4 52. b8=Q Bxb8 53. Nxb8 Kg4
54. Nd7 h3+ 55. Kh2 Kh4 56. Ne5 f6 57. Nc4 f5 58. Ne5 f4 1/2-1/2